De lingua latina novae quaestiones, actes du x colloque international... /

Guardado en:
Autor Principal: Bibliotheque D'etudes Classiques
Otros Autores: Moussy, Claude, ed., Dangel, Jacqueline
Formato: Libro
Publicado: Louvain : Peeters, 2001
Series:BibliothÜque d'etudes Classiqucolloque International de Linguistique Latine. Paris-sÜvres, 19-23 avril 1999.
Materias:
Etiquetas: Agregar Etiqueta
Sin Etiquetas, Sea el primero en etiquetar este registro!
LEADER 00810nam a22002175a 4500
001 EHU.bham028785
003 AR-BHAM
005 20110518144353.0
008 130507s2001##################000#0#####d
082 4 7 |a 475 
100 1 |a Bibliotheque D'etudes Classiques 
245 1 0 |a De lingua latina novae quaestiones, actes du x colloque international... /  |c Ibliotheque D'etudes Classiques , Claude, Ed. Moussy , Jacqueline Dangel 
260 |a Louvain :  |b Peeters,  |c 2001 
300 |a 1074 p. 
490 0 |a BibliothÜque d'etudes Classiqucolloque International de Linguistique Latine. Paris-sÜvres, 19-23 avril 1999. 
653 |a Actas 
653 |a Coloquios 
653 |a Latin-estudio 
700 1 |a Moussy, Claude, ed. 
700 1 |a Dangel, Jacqueline 
859 |a AR-BHAM  |b BIB. HUMANIDADES - General  |h 475  |i B634  |p 1166.05  |t Ej.1